00972nam a22002537a 450000500170000001000130001702000100003003500130004003700160005304000120006908200170008124501770009826000440027527000580031930000280037765000220040565000340042770000260046170000260048770000240051394200260053799900190056395201360058220170124110214.0 aA-953421 c00.00 aA-953421 bCen Lib/Ret aDPLbEN a338.954bFIF aFifty years of development ecnomics :cedited by A. Vasudevan, D.M. Nachane [and] A.V. Karnak bfrom planning to liberalization essays in honour of Prof. P.R. Brahmannada / aMumbai bHimalaya Publising Housec1999 bMumbai aRamdoot, Dr. Bharerao Amrg, Girgaon e400004 axxiii, 515p. c23cm(Hb) aEconomics 992261 aEconomical development 99165 aVasudevan, A. 992262 aNachane, D.M. 938659 aKarnik, A.V.938660 2ddccENh338.954mFIF c133692d133692 00104070aLbLd2015-07-27eCen Lib/Retg0.00l1o338.954 FIFpA-953421r2019-11-14 00:00:00s2019-10-31t1v0.00w2015-07-27yEN